Suchtmagazin
| Tipo de documento: | Electrónico Revista |
|---|---|
| Lenguaje: | Alemán |
| Publicado: |
Basel
Verein DrogenMagazin
1997-
|
| En: | Año: 1997 |
| Acceso en línea: |
Volltext (Frontdoor-Url) Volltext (Verlag; Contents) Volltext (teilw. kostenfrei) |
| Verificar disponibilidad: | HBZ Gateway |
| Servicio de pedido Subito: | Pedir ahora. |
| Volúmenes / Artículos: | Mostrar volumes / artículos. |
| Palabras clave: |
MARC
| LEADER | 00000cas a2200000 c 4500 | ||
|---|---|---|---|
| 001 | 372370225 | ||
| 003 | DE-627 | ||
| 005 | 20250826092310.0 | ||
| 007 | cr ||||||||||| | ||
| 008 | 031029c19979999sz z| p|o 0 |0ger c | ||
| 016 | 7 | |a 025213547 |2 DE-101 | |
| 016 | 7 | |a 2123547-8 |2 DE-600 | |
| 035 | |a (DE-627)372370225 | ||
| 035 | |a (DE-576)9372370223 | ||
| 035 | |a (DE-599)ZDB2123547-8 | ||
| 035 | |a (OCoLC)1368059339 | ||
| 040 | |a DE-627 |b ger |c DE-627 |e rakwb | ||
| 041 | |a ger | ||
| 044 | |c XA-CH | ||
| 082 | 0 | 4 | |a 610 |q DE-600 |
| 245 | 0 | 0 | |a Suchtmagazin |c Hrsg.: Verein DrogenMagazin |
| 264 | 3 | 1 | |a Basel |b Verein DrogenMagazin |c 1997- |
| 300 | |a Online-Ressource | ||
| 336 | |a Text |b txt |2 rdacontent | ||
| 337 | |a Computermedien |b c |2 rdamedia | ||
| 338 | |a Online-Ressource |b cr |2 rdacarrier | ||
| 362 | 0 | |a 23.1997- | |
| 363 | 0 | 1 | |a 23 |i 1997 |
| 500 | |a Gesehen am 26.08.25 | ||
| 591 | |a 25!(26-08-25) | ||
| 655 | 7 | |a Zeitschrift |0 (DE-588)4067488-5 |0 (DE-627)10454466X |0 (DE-576)20917000X |2 gnd-content | |
| 776 | 1 | |x 1422-2221 | |
| 856 | 4 | 0 | |u https://www.e-periodica.ch/digbib/volumes?UID=sum-003 |x Verlag; nicht verfügbar die letzten 24 Monate |z teilw. kostenfrei |7 1 |
| 856 | 4 | 0 | |u http://www.suchtmagazin.ch/ |x Verlag; Contents |7 1 |
| 856 | 4 | 0 | |u https://ezb.ur.de/?2123547-8 |x Frontdoor-Url |7 1 |
| 951 | |a JT | ||
| ELC | |a 1 | ||
| ORI | |a SA-MARC-krimdokb001.raw | ||
| SPR | |a 1 |t KRI | ||
